000 00860cam a2200253 4500
001
008 000000n2000 000 0 eng u
020 _a0854063617
020 _a0852630051
035 _a(Sirsi) u105774
041 0 _aeng
050 0 4 _a692.3 $2 18
110 2 _aStanding Joint Committee for the Standard Measurement of Building Works
_93653
245 0 0 _aSMM7
_ba code of procedure for measurement of building works revised 1998, incorporating amendments one and two
250 _aRev. ed.
260 _aLondon
_bConstruction Confederation
_bRICS
_c2000
300 _a59p.
_c30cm.
350 _a9
650 2 4 _aCO-ORDINATED PROJECT INFORMATION
650 2 4 _aSTANDARD METHOD OF MEASUREMENT (SEVENTH EDITION)
651 4 _aInternational
690 _aBUILT ENVIRONMENT-QUANTITY SURVEYING-STANDARD METHOD OF MEASUREMENT
942 _n0
999 _c100472
_d100472